| 000 | 00471nam a2200193Ia 4500 | ||
|---|---|---|---|
| 008 | 170918s9999 xx 000 0 und d | ||
| 020 | _a9780439455626 | ||
| 050 | _bP656 2002 | ||
| 100 | _aPinnell, Gay Su | ||
| 245 | _aI can run / | ||
| 245 | _cGay Su Pinnell ; illustrated by Melissa Sweet. | ||
| 260 | _aNew York : | ||
| 260 | _bScholastic, | ||
| 260 | _c2002 | ||
| 300 | _a9 pages : | ||
| 300 | _bcolored illustration ; | ||
| 300 | _c20cm. | ||
| 500 | _aBR | ||
| 999 |
_c341545 _d341545 |
||